[Event "Reunion op 11th"]
[Site "St Denis"]
[Date "2009.10.15"]
[Round "7"]
[White "Poirel, Marie France"]
[Black "Ringayen, Rose May"]
[Result "0-1"]
[WhiteElo "1260"]
[BlackElo "1040"]
[PlyCount "92"]
[EventDate "2009.10.10"]
[EventType "swiss"]
[EventRounds "9"]
[EventCountry "RUF"]
[SourceTitle "CBM 132 Extra"]
[Source "ChessBase"]
[SourceDate "2009.11.03"]
[SourceVersion "1"]
[SourceVersionDate "2009.11.03"]
[SourceQuality "1"]

1. Nf3 d5 2. d4 Nc6 3. g3 g6 4. Bg2 Bg7 5. c3 e5 6. Be3 e4 7. Ng1 Nge7 8. Qd2 0-0 9. Bh6 Bxh6 10. Qxh6 Nf5 11. Qf4 h5 12. Nh3 f6 13. g4 g5 14. Qd2 hxg4 15. Ng1 Qe8 16. Na3 e3 17. Bxd5+ Kh8 18. Qc2 Nce7 19. Bc4 exf2+ 20. Kxf2 Ng6 21. e4 Nfh4 22. Re1 f5 23. Nb5 fxe4+ 24. Ke2 Qc6 25. Kd1 e3 26. d5 Rd8 27. Kc1 Qxc4 28. a4 Rxd5 29. Rxe3 Qa2 30. Rd3 Re5 31. Ne2 Bf5 32. Ned4 Nf4 33. Nxf5 Ne2+ 34. Kd2 Nf3+ 35. Rxf3 gxf3 36. Ng3 Rd8+ 37. Ke1 Nd4+ 38. Qe4 Qa1+ 39. Kf2 Qxb2+ 40. Ke3 Nc2+ 41. Kxf3 Rf8+ 42. Kg4 Ne3+ 43. Qxe3 Rxe3 44. Kxg5 Re5+ 45. Kh4 Qg2 46. Nxc7 Rf4# 0-1